000 00286nam a2200121Ia 4500
008 231129s9999||||xx |||||||||||||| ||spa||
040 _bspa
082 _a516.24 A985t
100 _aAyres Frank
245 0 _aTrigonometria plana y esferica
264 _aMcGraw-Hill
942 _2ddc
_cBKS
999 _c25696
_d25696